Normal view
MARC view
- Siddiqui, Abdul Hameed
Entry Personal Name
001 - CONTROL NUMBER
- control field: 109259
003 - CONTROL NUMBER IDENTIFIER
- control field: NUST
005 - DATE AND TIME OF LATEST TRANSACTION
- control field: 20230221081522.0
008 - FIXED-LENGTH DATA ELEMENTS
- fixed length control field: 230221|| aca||aabn | a|a d
040 ## - CATALOGING SOURCE
- Original cataloging agency: NUST
- Transcribing agency: NUST
100 ## - HEADING--PERSONAL NAME
- Personal name: Siddiqui, Abdul Hameed
670 ## - SOURCE DATA FOUND
- Source citation: Work cat.: (NUST)185173: Siddiqui, Abdul Hameed., The life of Muhammad (PBUH), 1994
